Rooms:found footage misc. entities - Statistics

General Stats
  • This quiz has been taken 4 times
  • The average score is 3 of 6
Answer Stats
Hint: Answer: % Correct
Prevents people from hiding in lockers for too long Claustrophobia
100%
Seen in every section, also known as A-300,D-300,or I-300. Mouth
67%
I have such sights to show you! Void
67%
Only in the lobby. Endellion
33%
Your typical Jack from doors entity Jimmy
33%
Helps you if you can't understand how an entity works Oblivion
33%
No matching quizzes found
Score Distribution
Percent of People with Each Score
Percentile by Number Answered
Your Score History
You have not taken this quiz